A day of adventure in the forest : (Registro nro. 4563)

Detalles MARC
000 -CABECERA
Campo de control 00859nam a2200229 a 4500
005 - FECHA Y HORA DE LA ULTIMA TRANSACCION
Campo de control 20200104041551.0
008 - ELEMENTOS DE LONGITUD FIJA—INFORMACION GENERAL
Campo de control 140317b20031994pn a gr|||| 000 0 eng d
020 ## - ISBN
ISBN 9962880602
040 ## - FUENTE DE CATALOGACIÓN
Agencia catalogadora original CO-BoIAVH
Agencia transcriptora CO-BoIAVH
041 0# - IDIOMA
Código de idioma para texto/pista de sonido o título separado Inglés
044 ## - PAÍS DE PUBLICACIÓN
País de publicación Panamá
082 04 - NUMERO DE CLASIFICACION DECIMAL DEWEY
Número de clasificación 577.307072
Número del ítem G89d
110 2# - ASIENTO PRINCIPAL--NOMBRE CORPORATIVO
Unidad subordinad Grupo Aprender con la Naturaleza
9 (RLIN) 22001
245 12 - MENCION DE TITULO
Título A day of adventure in the forest :
Parte restante del título environmental activities for protected areas /
Mención de responsabilidad Grupo Aprender con la Naturaleza
246 ## - FORMA VARIANTE DEL TITULO
Título propiamente dicho/forma breve del título Un día de aventura en el bosque :
Parte restante del título actividades ambientales para áreas protegidas
260 ## - PUBLICACION, DISTRIBUCION, ETC. (PIE DE IMPRENTA)
Lugar de publicación, distribución, etc. Panamá :
Nombre del editor, distribuidor, etc. Grupo Aprender con la Naturaleza,
Fecha de publicación, distribución, etc. 2003.
300 ## - DESCRIPCION FISICA
Extensión 412 páginas :
Otros detalles físicos Ilustraciones,
Dimensiones 26 x 21 cm.
650 #6 - ASIENTO SECUNDARIO DE MATERIA - TERMINO TEMATICO
Término temático o nombre geográfico como elemento de entrada Educación ambiental
9 (RLIN) 162
650 #6 - ASIENTO SECUNDARIO DE MATERIA - TERMINO TEMATICO
Término temático o nombre geográfico como elemento de entrada Áreas naturales protegidas
Subdivisión geográfica Panamá
9 (RLIN) 52909
650 #6 - ASIENTO SECUNDARIO DE MATERIA - TERMINO TEMATICO
Término temático o nombre geográfico como elemento de entrada Guías ambientales
9 (RLIN) 20406
942 ## - ELEMENTOS ADICIONALES (KOHA)
Tipo de ítem Libro
Sistema de clasificación Dewey Decimal Classification
Existencias
Withdrawn status Lost status Sistema de Clasificación Damaged status No para préstamo Colección Inventariado Ubicación Permanente Ubicación actual Fecha de adquisición Fuente de Valor Valor Total Checkouts Número topográfico Inventario / Código de Barras Date last seen Ejemplar Price effective from Forma de adquisición Tipo de material
    Dewey Decimal Classification     General Inventariado 2017 Bogotá Bogotá 14/06/2005 Instituto 15000.00   LB-577.307072 G89d 016893 04/12/2012 Ej. 1 04/12/2012   Libro